100 Most Popular French Boy Names 2016 - Statistics

General Stats
  • This quiz has been taken 1,090 times
  • The average score is 25 of 100
Answer Stats
Place First Letter Name % Correct
7 L Louis
75%
5 L Léo
72%
10 P Paul
68%
1 L Lucas
66%
95 J Jean
64%
36 T Thomas
62%
9 N Nathan
55%
2 H Hugo
54%
23 A Antoine
53%
20 T Théo
53%
44 A Alexandre
50%
82 C Charles
48%
4 J Jules
48%
6 G Gabriel
47%
60 N Noa
47%
96 J Julien
45%
73 L Léon
45%
71 W William
45%
76 Q Quentin
44%
32 V Victor
44%
13 T Tom
42%
21 L Liam
41%
100 N Nicolas
41%
46 S Samuel
41%
16 M Martin
39%
3 R Raphaël
39%
8 A Arthur
38%
78 B Benjamin
38%
15 M Maxime
35%
27 N Noé
35%
40 S Simon
35%
65 R Romain
34%
17 E Ethan
32%
33 N Noah
32%
22 M Mathis
31%
37 A Adam
30%
26 E Enzo
29%
30 V Valentin
29%
19 C Clément
28%
39 M Mathéo
27%
38 A Alexis
26%
61 A Adrien
25%
18 B Baptiste
25%
75 M Maé
24%
41 E Evan
23%
49 M Matteo
22%
29 M Maxence
22%
91 T Timothée
22%
79 E Elio
21%
24 A Axel
20%
77 B Bastien
20%
12 M Maël
20%
14 T Timéo
20%
11 G Gabin
19%
28 N Nolan
19%
62 G Gaspard
18%
87 K Kylian
18%
31 S Sacha
18%
35 A Aaron
17%
92 C Corentin
16%
25 R Robin
16%
69 J Julian
15%
64 M Milo
15%
67 T Thibault
15%
47 E Eliott
14%
50 A Augustin
13%
68 E Estéban
12%
80 J Joshua
12%
34 M Marius
12%
59 N Nino
12%
52 A Antonin
11%
93 E Elliot
10%
42 M Malo
10%
57 N Noam
10%
86 D Diego
9%
63 M Milan
8%
43 N Naël
8%
89 N Nathanaël
8%
58 T Tiago
8%
85 C Charly
7%
56 L Léandre
7%
48 L Lenny
7%
51 L Louka
7%
45 M Mathys
7%
53 C Côme
6%
98 L Loan
6%
83 L Loris
6%
70 M Marceau
6%
99 M Morgan
6%
84 R Ruben
6%
54 S Sasha
6%
90 S Soan
6%
81 A Amaury
5%
88 L Lois
5%
74 L Léandro
3%
66 M Mahé
3%
94 T Thiago
3%
72 A Alessio
2%
55 E Ewen
2%
97 L Livio
2%
No matching quizzes found
Score Distribution
Percent of People with Each Score
Percentile by Number Answered
Your Score History
You have not taken this quiz